[Event "belive in your chess"]
[Site "SchemingMind.com"]
[Date "2007.12.07"]
[Round "-"]
[White "drunkenmaster"]
[Black "Brodaty"]
[Result "0-1"]
[WhiteCountry "PHI"]
[BlackCountry "POL"]
[WhiteElo "1969"]
[WhiteRD "79"]
[BlackElo "2207"]
[BlackRD "91"]
[GameID "131906"]

1. Nf3 Nf6 2. c4 c5 3. Nc3 e6 4. g3 b6 5. Bg2 Bb7 6. O-O Be7 7. d4 cxd4 8. Qxd4 d6 9. Rd1 a6 10. b3 Nbd7
11. Ba3 Nc5 12. Ng5 Bxg2 13. Kxg2 Qc7 14. f3 O-O 15. Rac1 Qb7 16. e4 b5 17. b4 Ncd7 18. cxb5 axb5 19. Bb2 Ne5 20. Rc2 Nc6
21. Qf2 Nxb4 22. Rcd2 Nxa2 23. Nxa2 Rxa2 24. Bxf6 Rxd2 25. Qxd2 Bxf6
0-1

[Event "belive in your chess"]
[Site "SchemingMind.com"]
[Date "2007.12.06"]
[Round "-"]
[White "Schaakmaatje"]
[Black "Brodaty"]
[Result "0-1"]
[WhiteCountry "NED"]
[BlackCountry "POL"]
[WhiteElo "1755"]
[WhiteRD "48"]
[BlackElo "2139"]
[BlackRD "97"]
[GameID "131907"]

1. e4 e6 2. d4 d5 3. Nc3 Bb4 4. e5 c5 5. a3 Bxc3+ 6. bxc3 Ne7 7. Nf3 Bd7 8. Be2 Ba4 9. O-O Qc7 10. Bd3 c4
11. Be2 Nbc6 12. Be3 O-O-O 13. Qd2 h6 14. Ne1 Nf5 15. f4 h5 16. h3 Ng3 17. Rf2 Ne4
0-1

[Event "belive in your chess"]
[Site "SchemingMind.com"]
[Date "2007.12.04"]
[Round "-"]
[White "JasonY1982"]
[Black "Brodaty"]
[Result "0-1"]
[WhiteCountry "USA"]
[BlackCountry "POL"]
[WhiteElo "1929"]
[WhiteRD "63"]
[BlackElo "2207"]
[BlackRD "91"]
[GameID "131908"]

1. e4 e6 2. d4 d5 3. Nc3 Bb4 4. e5 c5 5. a3 Bxc3+ 6. bxc3 Ne7 7. Qg4 Qc7 8. Qxg7 Rg8 9. Qxh7 cxd4 10. Kd1 dxc3
11. Nf3 Nbc6 12. Ng5 Nxe5 13. Bf4 Qb6 14. Bxe5 Rxg5 15. Qh4 Rf5 16. Qh8+ Kd7 17. Bd4 Qd6 18. Bd3 Qf4 19. Bxc3 Qg4+ 20. Ke1 Qxg2
21. Rf1 b6 22. f4 Bb7 23. Qh4 Qg6 24. Bxf5 Nxf5 25. Qf2 Rc8 26. Be5 Rc4 27. a4 Ba6 28. Kd2 Nd4 29. Kd1 Rxc2 30. Qxd4 Bxf1
0-1

[Event "belive in your chess"]
[Site "SchemingMind.com"]
[Date "2007.12.04"]
[Round "-"]
[White "Chess_Man01"]
[Black "Brodaty"]
[Result "1/2-1/2"]
[WhiteCountry "GBR"]
[BlackCountry "POL"]
[WhiteElo "2288"]
[WhiteRD "58"]
[BlackElo "2245"]
[BlackRD "88"]
[GameID "131909"]

1. e4 e6 2. d4 d5 3. Nd2 c5 4. exd5 Qxd5 5. Ngf3 cxd4 6. Bc4 Qd6 7. Nb3 Qb4+ 8. Nfd2 Nc6 9. a3 Qb6 10. Nf3 Nf6
11. Nfxd4 Bd7 12. Be3 Ne5 13. Be2 Nd5 14. Bd2 Rc8 15. O-O Be7 16. Ba5 Qd6 17. Rc1 b6 18. Be1 Nc4 19. Bxc4 Rxc4 20. c3 O-O
21. Qd3 Rfc8 22. Nd2 Ra4 23. Ne4 Qc7 24. Bd2 e5 25. Nc2 Qc4 26. Qxc4 Raxc4 27. Ng3 f6 28. Nb4 Nxb4 29. axb4 Rd8 30. f4=
1/2-1/2